| 000 | 01151nas a2200385 4500 | ||
|---|---|---|---|
| 001 | BR2011003192 | ||
| 003 | BR-BrBNA | ||
| 005 | 20231205115339.0 | ||
| 007 | ta | ||
| 008 | 230509b bl.|||p| |||| 00| 00por d | ||
| 040 |
_aBR-BrBNA _bpor _cBiblioteca Nacional de Agricultura |
||
| 041 | _a(Pt) | ||
| 072 | _aL73 | ||
| 100 | 1 | _aMeinerz, A.R.M. | |
| 100 | 1 | _aCleff, M.B. | |
| 100 | 1 | _aNascente, P. da S. | |
| 100 | 1 | _aOsório, L. da G. | |
| 100 | 1 | _aBrum, C. da S. | |
| 100 | 1 | _aXavier, M.O. | |
| 100 | 1 | _aFaria, R.O. de | |
| 100 | 1 | _aMeireles, M.C.A. | |
| 100 | 1 | _aMello, J.R. de B. | |
| 245 | 1 | _aEsporotricose felina, micose de interesse em saúde pública | |
| 246 | 1 | _aFelin esporotrichosis, mycosis interesting public health | |
| 650 | _aGATO | ||
| 650 | _aESPOROTRICOSE | ||
| 650 | _aSPOROTHRIX SCHENCKII | ||
| 650 | _aMICOSE | ||
| 650 | _aDOENÇA ANIMAL | ||
| 650 | _aZOONOSE | ||
| 650 | _aSAÚDE PÚBLICA | ||
| 773 | 0 |
_tRevista Brasileira de Medicina Veterinária (Brazil) _xISSN 0100-2430 _g(Oct-Dec 2007), v. 29(3) p. 174-176 _wBR2011003192 |
|
| 909 |
_a202311 _bLúcia _c55 _dLúcia Elande |
||
| 942 |
_2AGRIS _n0 _cANA |
||
| 999 |
_c213335 _d213335 |
||